[Event "VI ABIERTO INTERNACIONAL DE AJEDREZ CARLOS I"]
[Site "Sanxenxo (Pontevedra) Spain"]
[Date "2014.06.23"]
[Round "3"]
[Board "7"]
[White "Blazquez Lopez, Berna"]
[Black "Sanchez Aller, Fernando"]
[Result "1/2-1/2"]
[WhiteElo "2113"]
[BlackElo "2355"]
[PlyCount "142"]
[EventDate "2014.06.21"]
[EventRounds "9"]
[EventCountry "ESP"]

1. d4 Nf6 2. Nf3 g6 3. c4 c5 4. Nc3 cxd4 5. Nxd4 Bg7 6. e4 d6 7. Be2 O-O 8. Be3
Nc6 9. O-O Bd7 10. Qd2 Ng4 11. Bxg4 Bxg4 12. f3 Bd7 13. Rfd1 Rc8 14. b3 Qa5 15.
Rac1 Rfe8 16. Rc2 Nxd4 17. Bxd4 Bxd4+ 18. Qxd4 Be6 19. Rcc1 Qc5 20. Ne2 a6 21.
Rc3 Rc7 22. Qxc5 Rxc5 23. Kf2 Rec8 24. Ke3 f5 25. Nf4 Kf7 26. Nd3 R5c7 27. Kd2
g5 28. c5 d5 29. exd5 Bxd5 30. Nb4 Bc6 31. Nxc6 Rxc6 32. b4 e5 33. Re1 Kf6 34.
Rce3 Re8 35. a3 b6 36. cxb6 Rxb6 37. Rc1 e4 38. fxe4 f4 39. Rec3 Rxe4 40. Rc6+
Re6 41. Rxb6 Rxb6 42. Rc7 h5 43. Rc5 Re6 44. h4 gxh4 45. Rxh5 Re3 46. Rxh4 Kg5
47. Rh3 Re4 48. Rb3 Kf5 49. a4 Ke6 50. b5 axb5 51. axb5 Kd7 52. Kd3 Ra4 53. Ke2
Ra1 54. Rb2 Kc7 55. b6+ Kb7 56. Kf3 Ra4 57. Rb5 Rc4 58. Rf5 Kxb6 59. Rxf4 Rc3+
60. Kg4 Kc5 61. Re4 Kd5 62. Re7 Kd6 63. Re4 Rc8 64. Kf3 Rf8+ 65. Kg3 Rg8+ 66.
Kh2 Rh8+ 67. Kg1 Rg8 68. Re3 Rg5 69. g3 Re5 70. Rf3 Ke6 71. Kg2 Rf5 1/2-1/2

[Event "VI ABIERTO INTERNACIONAL DE AJEDREZ CARLOS I"]
[Site "Sanxenxo (Pontevedra) Spain"]
[Date "2014.06.23"]
[Round "3"]
[Board "8"]
[White "Pena Torres, Jose Carlos"]
[Black "Rivera, Daniel"]
[Result "0-1"]
[WhiteElo "2087"]
[BlackElo "2347"]
[PlyCount "48"]
[EventDate "2014.06.21"]
[EventRounds "9"]
[EventCountry "ESP"]

1. e4 c5 2. Nf3 Nc6 3. d4 cxd4 4. Nxd4 Nf6 5. Nc3 d6 6. Be2 e5 7. Nb3 Be7 8.
O-O O-O 9. f4 a5 10. a4 Nb4 11. Be3 exf4 12. Bxf4 Be6 13. Nd4 Rc8 14. Nxe6 fxe6
15. Be3 Qc7 16. Rc1 d5 17. exd5 Nbxd5 18. Nxd5 Nxd5 19. Bd4 e5 20. Rxf8+ Rxf8
21. c4 Bg5 22. Rb1 Nf4 23. Bc3 Qc6 24. Bf1 Nh3+ 0-1

[Event "VI ABIERTO INTERNACIONAL DE AJEDREZ CARLOS I"]
[Site "Sanxenxo (Pontevedra) Spain"]
[Date "2014.06.23"]
[Round "3"]
[Board "9"]
[White "Suarez Gomez, Julio"]
[Black "Carril Garcia, Luis"]
[Result "1-0"]
[WhiteElo "2307"]
[BlackElo "2058"]
[PlyCount "75"]
[EventDate "2014.06.21"]
[EventRounds "9"]
[EventCountry "ESP"]

1. e4 e6 2. d4 d5 3. Nc3 Bb4 4. e5 c5 5. Bd2 Nh6 6. a3 Bxc3 7. Bxc3 O-O 8. Nf3
b6 9. b4 cxd4 10. Qxd4 Nf5 11. Qd2 d4 12. Nxd4 Nxd4 13. Qxd4 Qc7 14. Bb2 Bb7
15. Bd3 Nc6 16. Qh4 g6 17. O-O Ne7 18. Rfe1 Rac8 19. b5 Rfd8 20. Bc1 Rxd3 21.
cxd3 Nf5 22. Qa4 Qd7 23. Be3 Qd5 24. f3 Rc3 25. Bf2 h5 26. Rac1 Rxd3 27. Rcd1
h4 28. Rxd3 Qxd3 29. Rd1 Qe2 30. Rd8+ Kh7 31. h3 Qxe5 32. Rd7 Bd5 33. Qb4 Qa1+
34. Be1 Nh6 35. Qxh4 Qxa3 36. Bd2 Qa1+ 37. Kh2 Qe5+ 38. Bf4 1-0

[Event "VI ABIERTO INTERNACIONAL DE AJEDREZ CARLOS I"]
[Site "Sanxenxo (Pontevedra) Spain"]
[Date "2014.06.23"]
[Round "3"]
[Board "10"]
[White "Picos Maiztegui, Miguel"]
[Black "Gonzalez Diaz, Julio"]
[Result "1/2-1/2"]
[WhiteElo "1874"]
[BlackElo "2292"]
[PlyCount "100"]
[EventDate "2014.06.21"]
[EventRounds "9"]
[EventCountry "ESP"]

1. e4 c5 2. Nf3 g6 3. c3 Bg7 4. d4 cxd4 5. cxd4 d5 6. exd5 Nf6 7. Bb5+ Nbd7 8.
d6 exd6 9. Qe2+ Qe7 10. Bf4 Qxe2+ 11. Bxe2 Ke7 12. Nc3 Nb6 13. O-O Be6 14. Rfe1
h6 15. Rac1 a6 16. Bd3 Kd7 17. b3 Rac8 18. Ne4 Nxe4 19. Bxe4 Nd5 20. Bd2 g5 21.
h3 f5 22. Bd3 Rxc1 23. Rxc1 Bf6 24. g3 Rg8 25. Kh2 Rf8 26. Rf1 Bg7 27. Kg2 Bf6
28. Kh2 Rg8 29. Bb1 h5 30. Be3 Nc3 31. h4 gxh4 32. Nxh4 Nxb1 33. Rxb1 Rc8 34.
Rb2 Bxh4 35. gxh4 Bd5 36. Kg3 Re8 37. Rd2 Re4 38. Bf4 Re1 39. f3 Rf1 40. Rf2
Rd1 41. Rd2 Rc1 42. Be3 Rf1 43. Rf2 Rg1+ 44. Rg2 Rf1 45. Rf2 Rh1 46. Bg5 Re1
47. Kf4 Rd1 48. Kxf5 Rxd4 49. Kg6 Rd3 50. f4 Rf3 1/2-1/2

[Event "VI ABIERTO INTERNACIONAL DE AJEDREZ CARLOS I"]
[Site "Sanxenxo (Pontevedra) Spain"]
[Date "2014.06.24"]
[Round "4"]
[Board "1"]
[White "Strikovic, Aleksa"]
[Black "Garcia Castro, Pablo"]
[Result "0-1"]
[WhiteElo "2532"]
[BlackElo "2357"]
[PlyCount "92"]
[EventDate "2014.06.21"]
[EventRounds "9"]
[EventCountry "ESP"]

1. c4 e5 2. Nc3 d6 3. d4 exd4 4. Qxd4 Nc6 5. Qd2 g6 6. b3 Bg7 7. Bb2 Nf6 8. g3
O-O 9. Nh3 a5 10. Bg2 Ne5 11. O-O a4 12. Rad1 axb3 13. axb3 Ned7 14. Nf4 Re8
15. Qc2 Nc5 16. e4 Bd7 17. h3 h5 18. Rfe1 Nh7 19. Bc1 h4 20. g4 Ng5 21. Nfd5
Nge6 22. Be3 Ra3 23. b4 Na4 24. Nb5 Bxb5 25. cxb5 Nc3 26. Nxc3 Rxc3 27. Qd2 g5
28. e5 Bxe5 29. Bxb7 Qf6 30. Bd5 Nf4 31. Bxf4 Qxf4 32. Qxc3 Qh2+ 33. Kf1 Bxc3
34. Rxe8+ Kg7 35. Rd3 Qf4 36. Rxc3 Qd2 37. Rf3 Qxd5 38. Kg2 f5 39. Re7+ Kf6 40.
Rxc7 f4 41. b6 Qb5 42. b7 Qxb4 43. Rh7 Qb1 44. Rd3 d5 45. Rd2 f3+ 46. Kh2 Qf1
 0-1

[Event "VI ABIERTO INTERNACIONAL DE AJEDREZ CARLOS I"]
[Site "Sanxenxo (Pontevedra) Spain"]
[Date "2014.06.24"]
[Round "4"]
[Board "2"]
[White "Suarez Gomez, Julio"]
[Black "Hoffman, Alejandro"]
[Result "1-0"]
[WhiteElo "2307"]
[BlackElo "2450"]
[PlyCount "81"]
[EventDate "2014.06.21"]
[EventRounds "9"]
[EventCountry "ESP"]

1. e4 e6 2. d4 d5 3. Nc3 Nf6 4. e5 Nfd7 5. f4 c5 6. Nf3 Nc6 7. Be3 a6 8. g3
cxd4 9. Nxd4 Bc5 10. Qd2 Bxd4 11. Bxd4 Qc7 12. Bf2 O-O 13. Bg2 Ne7 14. Ne2 b6
15. O-O Bb7 16. a4 Rac8 17. Rfc1 Nc5 18. a5 b5 19. Qe1 Ne4 20. Bb6 Qb8 21. Nd4
Ba8 22. Ra3 Rc4 23. b3 Rcc8 24. c4 Nf5 25. Raa1 Nxd4 26. Bxd4 bxc4 27. bxc4 Qb3
28. cxd5 Rxc1 29. Rxc1 Qxd5 30. Bb6 Qd3 31. Qe3 Qxe3+ 32. Bxe3 f5 33. exf6 Nxf6
34. Bf1 Bb7 35. Bd4 Nd5 36. Rb1 Rf7 37. Bh3 Re7 38. Bc5 Rc7 39. Bxe6+ Kh8 40.
Bd6 Nc3 41. Rb3 1-0

[Event "VI ABIERTO INTERNACIONAL DE AJEDREZ CARLOS I"]
[Site "Sanxenxo (Pontevedra) Spain"]
[Date "2014.06.24"]
[Round "4"]
[Board "3"]
[White "Larino Nieto, David"]
[Black "Martinez Rodriguez, Pablo"]
[Result "1-0"]
[WhiteElo "2459"]
[BlackElo "2289"]
[PlyCount "55"]
[EventDate "2014.06.21"]
[EventRounds "9"]
[EventCountry "ESP"]

1. b3 Nf6 2. Bb2 e6 3. g3 c5 4. Bg2 Be7 5. e4 d6 6. f4 O-O 7. h4 Nc6 8. g4 d5
9. e5 Ne4 10. Nf3 c4 11. Ng5 f6 12. Nxe4 dxe4 13. Qe2 fxe5 14. fxe5 Bxh4+ 15.
Kd1 Rf2 16. Qxe4 h6 17. Rf1 Qb6 18. Na3 cxb3 19. axb3 Bd7 20. d4 Raf8 21. Rxf2
Rxf2 22. Nc4 Qb4 23. Ra4 Qf8 24. Ne3 Rf4 25. Qd3 Nb4 26. Qg6 Rxd4+ 27. Bxd4 Qf2
28. Kc1 1-0

[Event "VI ABIERTO INTERNACIONAL DE AJEDREZ CARLOS I"]
[Site "Sanxenxo (Pontevedra) Spain"]
[Date "2014.06.24"]
[Round "4"]
[Board "4"]
[White "Guerra Bastida, Diego"]
[Black "Fernandez Losada, Daniel"]
[Result "0-1"]
[WhiteElo "2378"]
[BlackElo "2200"]
[PlyCount "130"]
[EventDate "2014.06.21"]
[EventRounds "9"]
[EventCountry "ESP"]

1. e4 c5 2. Nf3 e6 3. Nc3 a6 4. g3 Nc6 5. Bg2 Be7 6. O-O Qc7 7. Re1 d6 8. d3
Nf6 9. Bf4 Nd7 10. Be3 O-O 11. d4 cxd4 12. Nxd4 Nde5 13. Nxc6 bxc6 14. Bd4 Nc4
15. Na4 c5 16. Bc3 Bd7 17. b3 Bxa4 18. bxa4 Nb6 19. Qg4 e5 20. a5 Na4 21. Bd2
c4 22. Bb4 Rab8 23. a3 Nc5 24. Qe2 Ne6 25. c3 Nd8 26. Red1 Nb7 27. Rd5 Qc6 28.
Rad1 Rbc8 29. Bf1 Kh8 30. Qe3 h6 31. Bh3 Rc7 32. Bf1 Rcc8 33. R1d2 Rfe8 34. h4
Kg8 35. Be2 Rf8 36. Bd1 Kh8 37. a4 Kg8 38. Qb6 Kh8 39. Rb2 Nd8 40. Qxc6 Rxc6
41. Ba3 Ne6 42. Rb6 Rfc8 43. Bxd6 Bxd6 44. Rxd6 Rxd6 45. Rxd6 Nc5 46. Bg4 Rc7
47. h5 Kg8 48. Rb6 Kf8 49. Be2 Nxe4 50. Rb4 Nd2 51. f3 Ke7 52. Kf2 Nb3 53. Rxc4
Rc5 54. Rb4 Nxa5 55. Bxa6 Rxc3 56. Rb5 Nc6 57. Bb7 Rc2+ 58. Ke3 Nd8 59. Be4
Rc3+ 60. Kd2 Ra3 61. Rxe5+ Ne6 62. a5 Kf6 63. Rf5+ Ke7 64. a6 Nd4 65. Rc5 Nb3+
 0-1

[Event "VI ABIERTO INTERNACIONAL DE AJEDREZ CARLOS I"]
[Site "Sanxenxo (Pontevedra) Spain"]
[Date "2014.06.24"]
[Round "4"]
[Board "5"]
[White "Sanchez Aller, Fernando"]
[Black "Jordan Arenas, Manuel"]
[Result "1-0"]
[WhiteElo "2355"]
[BlackElo "2175"]
[PlyCount "73"]
[EventDate "2014.06.21"]
[EventRounds "9"]
[EventCountry "ESP"]

1. e4 e5 2. Nf3 Nc6 3. Bb5 a6 4. Ba4 Nf6 5. O-O Be7 6. Re1 b5 7. Bb3 O-O 8. d4
Nxd4 9. Nxd4 exd4 10. e5 Ne8 11. c3 dxc3 12. Nxc3 d6 13. Qf3 Rb8 14. Nd5 Be6
15. Nxe7+ Qxe7 16. Bf4 Rb6 17. Rac1 dxe5 18. Rxe5 Qf6 19. Qe3 Bxb3 20. Bg5 Qg6
21. Rxe8 Be6 22. Rxf8+ Kxf8 23. Qc5+ Kg8 24. Qxc7 h6 25. Qxb6 Qxg5 26. Qe3 Qd5
27. a3 a5 28. Qc3 a4 29. h3 Kh8 30. Re1 Bf5 31. Re5 Qd7 32. Qc5 Be6 33. Qxb5
Qd4 34. Re3 Bb3 35. Qe8+ Kh7 36. Qe4+ Qxe4 37. Rxe4 1-0

[Event "VI ABIERTO INTERNACIONAL DE AJEDREZ CARLOS I"]
[Site "Sanxenxo (Pontevedra) Spain"]
[Date "2014.06.24"]
[Round "4"]
[Board "6"]
[White "Iagar, Razvan-Gabriel"]
[Black "Aguera Naredo, Javier"]
[Result "1-0"]
[WhiteElo "2168"]
[BlackElo "2355"]
[PlyCount "33"]
[EventDate "2014.06.21"]
[EventRounds "9"]
[EventCountry "ESP"]

1. d4 Nf6 2. c4 g6 3. Nf3 Bg7 4. g3 O-O 5. Bg2 c6 6. O-O d6 7. Nc3 Qa5 8. e4
Nbd7 9. Re1 e5 10. h3 exd4 11. Nxd4 Ne5 12. Bf1 Re8 13. Rb1 Be6 14. b4 Qc7 15.
f4 Bxc4 16. fxe5 dxe5 17. Nf3 1-0

[Event "VI ABIERTO INTERNACIONAL DE AJEDREZ CARLOS I"]
[Site "Sanxenxo (Pontevedra) Spain"]
[Date "2014.06.24"]
[Round "4"]
[Board "7"]
[White "Gonzalez Diaz, Julio"]
[Black "Blazquez Lopez, Berna"]
[Result "1/2-1/2"]
[WhiteElo "2292"]
[BlackElo "2113"]
[PlyCount "114"]
[EventDate "2014.06.21"]
[EventRounds "9"]
[EventCountry "ESP"]

1. c4 c6 2. g3 d5 3. Nf3 Bg4 4. Bg2 e6 5. O-O Nd7 6. cxd5 exd5 7. Nc3 Ngf6 8.
h3 Bh5 9. Nh4 d4 10. Nb1 Bc5 11. b4 Bxb4 12. Nf5 O-O 13. Nxd4 Re8 14. Bb2 Qb6
15. Nf3 Rad8 16. d3 Bd6 17. Bd4 c5 18. Bxf6 Nxf6 19. Nbd2 Qc7 20. Rb1 b6 21.
Nc4 Nd5 22. Qc2 Bxg3 23. fxg3 Qxg3 24. Rf2 Nf4 25. Kf1 Nxh3 26. Bxh3 Qxh3+ 27.
Kg1 Re6 28. Nh2 Qg3+ 29. Rg2 Qxg2+ 30. Kxg2 Rxe2+ 31. Qxe2 Bxe2 32. Kf2 Bxd3
33. Rd1 b5 34. Ne5 c4 35. Nhf3 f6 36. Nc6 Rd7 37. Ke3 a6 38. Nfd4 g5 39. a4 Bc2
40. Rf1 Bxa4 41. Rxf6 Kg7 42. Rf5 h6 43. Ne6+ Kg6 44. Rf2 Rd3+ 45. Ke4 Rh3 46.
Ne7+ Kh5 47. Ng7+ Kg4 48. Nef5 Rh1 49. Ne3+ Kh3 50. Ngf5 Bd1 51. Rg2 Re1 52.
Rg3+ Kh2 53. Rg2+ Kh3 54. Rg3+ Kh2 55. Kd4 Be2 56. Rg2+ Kh3 57. Rg3+ Kh2
 1/2-1/2

[Event "VI ABIERTO INTERNACIONAL DE AJEDREZ CARLOS I"]
[Site "Sanxenxo (Pontevedra) Spain"]
[Date "2014.06.24"]
[Round "4"]
[Board "8"]
[White "Lorenzo Duran, Marcos"]
[Black "Garcia Carbo, Marcial"]
[Result "1-0"]
[WhiteElo "2149"]
[BlackElo "2287"]
[PlyCount "79"]
[EventDate "2014.06.21"]
[EventRounds "9"]
[EventCountry "ESP"]

1. d4 Nf6 2. Nf3 g6 3. c4 Bg7 4. Nc3 O-O 5. e4 d6 6. Be2 e5 7. d5 Na6 8. Bg5 h6
9. Bh4 g5 10. Bg3 Nxe4 11. Nxe4 f5 12. Nfd2 fxe4 13. Nxe4 Bf5 14. Bd3 g4 15.
O-O h5 16. f3 Bxe4 17. Bxe4 Nc5 18. Qe2 Qg5 19. fxg4 h4 20. Bf2 Nxe4 21. Qxe4
Rf4 22. Qe2 Rxg4 23. Be3 Qg6 24. Rf2 Rf8 25. Rxf8+ Bxf8 26. Rf1 h3 27. g3 Be7
28. b3 a6 29. Rf3 c6 30. dxc6 bxc6 31. c5 d5 32. Qxa6 Qe6 33. Qa8+ Kg7 34. Qe8
d4 35. Bh6+ Kxh6 36. Rf7 Qg6 37. Qh8+ Kg5 38. Rg7 d3 39. Qh7 Bxc5+ 40. Kf1 1-0

[Event "VI ABIERTO INTERNACIONAL DE AJEDREZ CARLOS I"]
[Site "Sanxenxo (Pontevedra) Spain"]
[Date "2014.06.24"]
[Round "4"]
[Board "9"]
[White "Nedobora, Gregori"]
[Black "Rodriguez Lopez, Rafael"]
[Result "1-0"]
[WhiteElo "2072"]
[BlackElo "2259"]
[PlyCount "120"]
[EventDate "2014.06.21"]
[EventRounds "9"]
[EventCountry "ESP"]

1. c4 Nf6 2. Nc3 g6 3. g3 Bg7 4. Bg2 O-O 5. Nf3 d6 6. O-O Nc6 7. Rb1 a5 8. a3
e5 9. d3 Nd4 10. e3 Nxf3+ 11. Bxf3 c6 12. b4 axb4 13. axb4 d5 14. Bb2 Be6 15.
c5 Bh3 16. Re1 h5 17. e4 d4 18. Na4 Ng4 19. Nb6 Rb8 20. Bg2 Bxg2 21. Kxg2 f5
22. h3 Nh6 23. Qb3+ Kh7 24. Qe6 fxe4 25. dxe4 Rf6 26. Qd7 Qf8 27. Re2 Rf7 28.
Qe6 Qd8 29. Bc1 Qc7 30. Bg5 Rbf8 31. Rb3 Bf6 32. Bxf6 Rxf6 33. Qd7+ R6f7 34.
Qxc7 Rxc7 35. Ra3 Nf7 36. f4 h4 37. Rf3 hxg3 38. fxe5 Re8 39. Rd3 Rxe5 40. Rxd4
Ng5 41. Nd7 Re7 42. Nf6+ Kg7 43. e5 Nf7 44. Ng4 Re6 45. Kxg3 g5 46. h4 gxh4+
47. Kxh4 Rce7 48. Rde4 Rg6 49. Kg3 Nh6 50. Rf4 Rf7 51. Ree4 Kf8 52. Kf3 Nf5 53.
Nf6 Ng7 54. Ke3 Ne6 55. Rf1 Rg3+ 56. Kd2 Kg7 57. Kc2 Ng5 58. Rd4 Kg6 59. Rd6
Nf3 60. Nd7+ Kf5 {ilegible} 1-0

[Event "VI ABIERTO INTERNACIONAL DE AJEDREZ CARLOS I"]
[Site "Sanxenxo (Pontevedra) Spain"]
[Date "2014.06.24"]
[Round "4"]
[Board "10"]
[White "Torres Dominguez, David"]
[Black "Villar Nieves, Antonio"]
[Result "0-1"]
[WhiteElo "2063"]
[BlackElo "2228"]
[PlyCount "90"]
[EventDate "2014.06.21"]
[EventRounds "9"]
[EventCountry "ESP"]

1. e4 c5 2. Nc3 Nc6 3. g3 g6 4. Bg2 Bg7 5. d3 Rb8 6. a4 a6 7. f4 b5 8. axb5
axb5 9. Nf3 d6 10. O-O e6 11. f5 b4 12. fxe6 fxe6 13. Ne2 e5 14. Bg5 Nf6 15.
Qd2 O-O 16. Kh1 Be6 17. Neg1 Qd7 18. Be3 Ng4 19. Bh3 Nd4 20. Bxd4 cxd4 21. Bxg4
Bxg4 22. Qg2 Bh6 23. Nd2 d5 24. Rxf8+ Rxf8 25. Rf1 Rc8 26. Ndf3 Bg7 27. h3 dxe4
28. Ne1 Be6 29. dxe4 Qc6 30. b3 Bh6 31. Rf2 Be3 32. Re2 Ra8 33. Nd3 Qb5 34. Nf3
Bxb3 35. Nfxe5 Be6 36. Kh2 Ra1 37. Ng4 Bxg4 38. hxg4 h5 39. g5 Rd1 40. Re1 Rxe1
41. Nxe1 Qxg5 42. Nd3 h4 43. Nxb4 hxg3+ 44. Kh3 Bf2 45. Qh1 g2 0-1

[Event "VI ABIERTO INTERNACIONAL DE AJEDREZ CARLOS I"]
[Site "Sanxenxo (Pontevedra) Spain"]
[Date "2014.06.25"]
[Round "5"]
[Board "1"]
[White "Garcia Castro, Pablo"]
[Black "Suarez Gomez, Julio"]
[Result "1/2-1/2"]
[WhiteElo "2357"]
[BlackElo "2307"]
[PlyCount "66"]
[EventDate "2014.06.21"]
[EventRounds "9"]
[EventCountry "ESP"]

1. g3 e5 2. Bg2 d6 3. c4 g6 4. Nc3 Bg7 5. e3 Ne7 6. Nge2 Nbc6 7. d3 Be6 8. Nd5
O-O 9. O-O Qd7 10. Rb1 a5 11. a3 Rab8 12. Nec3 Na7 13. Qa4 Nxd5 14. Qxd7 Bxd7
15. Nxd5 c5 16. Nb6 Bf5 17. Be4 Bh3 18. Re1 Nc8 19. Nxc8 Rfxc8 20. b4 b6 21.
bxa5 bxa5 22. Bd2 a4 23. Bb7 Rc7 24. Bg2 Rxb1 25. Rxb1 Bxg2 26. Rb8+ Bf8 27.
Kxg2 Ra7 28. e4 Kg7 29. f4 f6 30. g4 Be7 31. Kf3 g5 32. f5 h6 33. h4 Kf7
 1/2-1/2

[Event "VI ABIERTO INTERNACIONAL DE AJEDREZ CARLOS I"]
[Site "Sanxenxo (Pontevedra) Spain"]
[Date "2014.06.25"]
[Round "5"]
[Board "2"]
[White "Patino Romaris, Juan Roberto"]
[Black "Larino Nieto, David"]
[Result "1/2-1/2"]
[WhiteElo "2198"]
[BlackElo "2459"]
[PlyCount "104"]
[EventDate "2014.06.21"]
[EventRounds "9"]
[EventCountry "ESP"]

1. Nf3 d5 2. g3 c5 3. Bg2 Nc6 4. d4 Nf6 5. O-O Bf5 6. c4 dxc4 7. Qa4 Qa5 8.
Qxc4 cxd4 9. Nxd4 Nxd4 10. Qxd4 Rd8 11. Qf4 e6 12. Bxb7 Bc5 13. Bc6+ Ke7 14.
Be3 g5 15. Qa4 Qb6 16. Bxc5+ Qxc5 17. Nc3 Rd4 18. Qb5 Qxb5 19. Bxb5 Rd2 20. b3
Rhd8 21. Bc4 Ne4 22. Nxe4 Bxe4 23. f3 Bc2 24. Rfc1 h5 25. Kf2 e5 26. a4 Bd3 27.
Bxd3 R8xd3 28. Ke1 Rd7 29. Rd1 Rb2 30. Rxd7+ Kxd7 31. Rd1+ Ke6 32. Rd3 Rb1+ 33.
Kd2 h4 34. gxh4 gxh4 35. f4 Rb2+ 36. Ke3 e4 37. Rc3 a5 38. Rc5 Rxb3+ 39. Kxe4
f5+ 40. Kd4 Rh3 41. Rxa5 Rxh2 42. Ra6+ Kf7 43. Ke5 Rxe2+ 44. Kxf5 h3 45. Rh6 h2
46. a5 Ra2 47. a6 Rxa6 48. Rh7+ Kf8 49. Rxh2 Ra5+ 50. Kg6 Ra6+ 51. Kg5 Ra5+ 52.
f5 Ra6 1/2-1/2

[Event "VI ABIERTO INTERNACIONAL DE AJEDREZ CARLOS I"]
[Site "Sanxenxo (Pontevedra) Spain"]
[Date "2014.06.25"]
[Round "5"]
[Board "3"]
[White "Iagar, Razvan-Gabriel"]
[Black "Sanchez Aller, Fernando"]
[Result "0-1"]
[WhiteElo "2168"]
[BlackElo "2355"]
[PlyCount "106"]
[EventDate "2014.06.21"]
[EventRounds "9"]
[EventCountry "ESP"]

1. d4 Nf6 2. Nf3 c5 3. d5 b5 4. c4 Bb7 5. Nc3 b4 6. Na4 d6 7. Qc2 g6 8. b3 Bg7
9. Bb2 O-O 10. e4 e5 11. Bd3 Nbd7 12. Bc1 Ne8 13. Nb2 Qe7 14. O-O Nc7 15. Re1
a5 16. Bd2 Nb6 17. a4 Bc8 18. h3 f5 19. Bg5 Qe8 20. Bd2 f4 21. Kf1 Qe7 22. Ke2
g5 23. Kd1 h5 24. Rh1 Bf6 25. Kc1 g4 26. hxg4 hxg4 27. Ne1 Qg7 28. Kb1 Bd7 29.
Qd1 Kf7 30. Ka2 Rh8 31. Nc2 Rxh1 32. Qxh1 Rh8 33. Qg1 Rh5 34. Re1 Qh8 35. Be2
Ne8 36. Bd3 Be7 37. Rf1 Nc8 38. Re1 Bd8 39. Rf1 Ne7 40. Re1 Nf6 41. Nd1 Nh7 42.
Rf1 Ng5 43. Re1 Ng8 44. Rf1 Nf6 45. f3 g3 46. Re1 Rh2 47. Bc1 Ng8 48. Kb1 Bb6
49. Qf1 Ne7 50. Qe2 Ng6 51. Rg1 Nh4 52. Qf1 Nhxf3 53. gxf3 Bh3 0-1

[Event "VI ABIERTO INTERNACIONAL DE AJEDREZ CARLOS I"]
[Site "Sanxenxo (Pontevedra) Spain"]
[Date "2014.06.25"]
[Round "5"]
[Board "4"]
[White "Rivera, Daniel"]
[Black "Lorenzo Duran, Marcos"]
[Result "1-0"]
[WhiteElo "2347"]
[BlackElo "2149"]
[PlyCount "77"]
[EventDate "2014.06.21"]
[EventRounds "9"]
[EventCountry "ESP"]

1. e4 c6 2. d4 d5 3. e5 c5 4. dxc5 Nc6 5. Nf3 Bg4 6. Bb5 e6 7. b4 a5 8. c3 Nge7
9. Nbd2 g6 10. h3 Bxf3 11. Nxf3 Bg7 12. Bg5 O-O 13. Bxc6 bxc6 14. O-O Qc7 15.
Re1 axb4 16. cxb4 Ra3 17. Nd4 Nf5 18. Nxf5 exf5 19. Bc1 Raa8 20. Bb2 f4 21. a4
Rab8 22. Qd4 Rfe8 23. Bc3 Re7 24. Ra2 Rbe8 25. Rae2 f6 26. e6 f5 27. Qd3 d4 28.
Bb2 Rd8 29. b5 cxb5 30. axb5 f3 31. gxf3 Qf4 32. Bc1 Qh4 33. f4 Rd5 34. c6 Rc5
35. Bd2 Bh6 36. Bb4 Rc3 37. Bxc3 dxc3 38. Qf3 Qf6 39. b6 1-0

[Event "VI ABIERTO INTERNACIONAL DE AJEDREZ CARLOS I"]
[Site "Sanxenxo (Pontevedra) Spain"]
[Date "2014.06.25"]
[Round "5"]
[Board "5"]
[White "Fernandez Losada, Daniel"]
[Black "Nedobora, Gregori"]
[Result "1-0"]
[WhiteElo "2200"]
[BlackElo "2072"]
[PlyCount "67"]
[EventDate "2014.06.21"]
[EventRounds "9"]
[EventCountry "ESP"]

1. e4 c5 2. Nf3 d6 3. c3 Nf6 4. Be2 a6 5. O-O b5 6. a4 b4 7. cxb4 cxb4 8. Re1
e6 9. d4 Nxe4 10. d5 e5 11. Bc4 f5 12. Nbd2 Be7 13. Nxe4 fxe4 14. Nxe5 O-O 15.
Nc6 Qc7 16. Rxe4 Bf6 17. Qe2 Nxc6 18. dxc6+ Kh8 19. Re8 Bf5 20. Rxa8 Rxa8 21.
Bd5 Qa5 22. Bf3 Bg6 23. Be3 b3 24. Rd1 Be5 25. Qc4 Qc7 26. Bd4 Bxh2+ 27. Kh1
Rf8 28. Qxb3 d5 29. Qxd5 Qf4 30. Bc5 Qh4 31. Bxf8 Bg3+ 32. Kg1 Bxf2+ 33. Kf1
Be3 34. Bxg7+ 1-0

[Event "VI ABIERTO INTERNACIONAL DE AJEDREZ CARLOS I"]
[Site "Sanxenxo (Pontevedra) Spain"]
[Date "2014.06.25"]
[Round "5"]
[Board "6"]
[White "Abal Cores, Lucas"]
[Black "Strikovic, Aleksa"]
[Result "0-1"]
[WhiteElo "2137"]
[BlackElo "2532"]
[PlyCount "134"]
[EventDate "2014.06.21"]
[EventRounds "9"]
[EventCountry "ESP"]

1. e4 c6 2. d4 d5 3. exd5 cxd5 4. c4 Nf6 5. Nc3 e6 6. Nf3 Nc6 7. c5 Be7 8. Bb5
O-O 9. O-O Ne4 10. Re1 Nxc3 11. bxc3 Bd7 12. Qe2 b6 13. cxb6 Qxb6 14. Bf4 Ne5
15. Bxd7 Nxd7 16. c4 dxc4 17. Qxc4 Rfc8 18. Qa4 Qd8 19. Rab1 Nb6 20. Qa6 Rc3
21. Rec1 Ra3 22. Qb7 Rxa2 23. h3 h6 24. Ne5 Qxd4 25. Bg3 Re8 26. Nc6 Qf6 27.
Nxa7 Nd5 28. Rb3 Qg5 29. Rc4 Bf6 30. Nb5 Be5 31. Nd6 Bxd6 32. Bxd6 Qd2 33. Rf3
Nf6 34. Rxf6 Qd1+ 35. Kh2 Qxd6+ 36. Rff4 Re7 37. Rc8+ Kh7 38. Qb1+ f5 39. g3
Ra5 40. h4 Rd5 41. Qc2 Rd2 42. Qa4 Qd5 43. Qa8 Qxa8 44. Rxa8 g5 45. hxg5 hxg5
46. Rf3 g4 47. Rf4 Rc7 48. Ra1 Kg6 49. Kg2 Rcc2 50. Rf1 Re2 51. Ra4 Rc3 52. Ra7
Rf3 53. Kg1 Kf6 54. Ra5 Rb3 55. Rfa1 Rbb2 56. Rf1 Rec2 57. Ra6 Re2 58. Ra5 e5
59. Ra6+ Kg5 60. Ra8 f4 61. Rg8+ Kf5 62. Rf8+ Ke4 63. gxf4 exf4 64. f3+ gxf3
65. Re8+ Kd5 66. Rd8+ Ke5 67. Rxf3 Ke4 0-1

[Event "VI ABIERTO INTERNACIONAL DE AJEDREZ CARLOS I"]
[Site "Sanxenxo (Pontevedra) Spain"]
[Date "2014.06.25"]
[Round "5"]
[Board "7"]
[White "Hoffman, Alejandro"]
[Black "Medarde Santiago, Luis Marcos"]
[Result "0-1"]
[WhiteElo "2450"]
[BlackElo "2160"]
[PlyCount "74"]
[EventDate "2014.06.21"]
[EventRounds "9"]
[EventCountry "ESP"]

1. Nf3 Nf6 2. c4 g6 3. Nc3 d5 4. cxd5 Nxd5 5. g3 Bg7 6. Bg2 O-O 7. O-O Nc6 8.
Qb3 Nb6 9. d3 e5 10. Be3 Be6 11. Qc2 Nd4 12. Bxd4 exd4 13. Ne4 Bd5 14. Nc5 Nd7
15. b4 Nxc5 16. Qxc5 c6 17. Rfb1 a5 18. bxa5 Rxa5 19. Qb6 Qxb6 20. Rxb6 Rb8 21.
a4 Ra6 22. Rxa6 bxa6 23. Ng5 Rb2 24. Bxd5 cxd5 25. Kf1 Bf6 26. Nf3 Kf8 27. Rc1
Rb6 28. Rc5 Rd6 29. g4 h6 30. Ne1 Bd8 31. a5 Ke8 32. Nc2 Kd7 33. Nxd4 Bf6 34.
Nb3 Bb2 35. Rc2 Ba3 36. Ra2 Bb4 37. Ra4 Bc3 0-1

[Event "VI ABIERTO INTERNACIONAL DE AJEDREZ CARLOS I"]
[Site "Sanxenxo (Pontevedra) Spain"]
[Date "2014.06.25"]
[Round "5"]
[Board "8"]
[White "Blazquez Lopez, Berna"]
[Black "Gomez Ledo, Roberto Carlos"]
[Result "1/2-1/2"]
[WhiteElo "2113"]
[BlackElo "2429"]
[PlyCount "51"]
[EventDate "2014.06.21"]
[EventRounds "9"]
[EventCountry "ESP"]

1. d4 d6 2. Nf3 Nf6 3. c4 g6 4. Nc3 Bg7 5. e4 O-O 6. Be2 Bg4 7. Be3 Nfd7 8. Ng1
Bxe2 9. Ngxe2 c6 10. Qd2 c5 11. f3 cxd4 12. Nxd4 Nc6 13. O-O Re8 14. Rac1 Qa5
15. Rfd1 Rac8 16. b3 Nxd4 17. Bxd4 Bxd4+ 18. Qxd4 Nf6 19. Kh1 a6 20. Rc2 Rc6
21. Re2 e5 22. Qd2 Kg7 23. Nd5 Qxd2 24. Rexd2 Nxd5 25. Rxd5 Re6 26. Kg1 1/2-1/2